000
00303nam a2200121 4500
020
_a
07-066180-4
082
_a
660.284.2.B163m
100
_a
Bennett C. O.
245
_a
Momento detrasferencia /C. O.Bennett
260
_a
USA : internacional
300
_a
832p/25cm.
650
_a
1.MOMEMNTO DETRASFERENCAI
999
_c
25257
_d
25257